<?xml version="1.0" encoding="UTF-8"?>
<record
    xmlns:xsi="http://www.w3.org/2001/XMLSchema-instance"
    xsi:schemaLocation="http://www.loc.gov/MARC21/slim http://www.loc.gov/standards/marcxml/schema/MARC21slim.xsd"
    xmlns="http://www.loc.gov/MARC21/slim">

  <leader>01190nam a22002897a 4500</leader>
  <controlfield tag="008">160621s2014    mx ||||fr|||||||1|| spa d</controlfield>
  <datafield tag="020" ind1=" " ind2=" ">
    <subfield code="a">9786074387919</subfield>
  </datafield>
  <datafield tag="050" ind1="0" ind2="4">
    <subfield code="a">HD62.5 D43 2014</subfield>
  </datafield>
  <datafield tag="100" ind1="1" ind2=" ">
    <subfield code="a">Aguilar Morales, Silvia</subfield>
    <subfield code="e">autor</subfield>
    <subfield code="9">42674</subfield>
  </datafield>
  <datafield tag="245" ind1="1" ind2="0">
    <subfield code="a">De emprendedor a empresario</subfield>
    <subfield code="b">: haga que su negocio &#xA1;sea negocio!</subfield>
    <subfield code="c">/ Silvia Aguilar Morales, Luis Arturo Ocampo Carapia.</subfield>
  </datafield>
  <datafield tag="260" ind1="3" ind2=" ">
    <subfield code="a">M&#xE9;xico</subfield>
    <subfield code="b">:Grupo editorial patria</subfield>
    <subfield code="c">, 2014</subfield>
  </datafield>
  <datafield tag="300" ind1=" " ind2=" ">
    <subfield code="a">283 p&#xE1;ginas</subfield>
  </datafield>
  <datafield tag="336" ind1=" " ind2=" ">
    <subfield code="a">texto</subfield>
  </datafield>
  <datafield tag="337" ind1=" " ind2=" ">
    <subfield code="a">sin medio</subfield>
  </datafield>
  <datafield tag="338" ind1=" " ind2=" ">
    <subfield code="a">vol&#xFA;men</subfield>
  </datafield>
  <datafield tag="519" ind1=" " ind2=" ">
    <subfield code="a">Flexible /</subfield>
    <subfield code="b">Gastronom&#xED;a /</subfield>
    <subfield code="c">Proyectos emprendedores en gastronom&#xED;a (P26-1) /</subfield>
    <subfield code="d">(13 004017)</subfield>
  </datafield>
  <datafield tag="650" ind1="1" ind2="4">
    <subfield code="a">NUEVAS EMPRESAS</subfield>
    <subfield code="x">ADMINISTRACI&#xD3;N</subfield>
    <subfield code="9">36032</subfield>
  </datafield>
  <datafield tag="650" ind1="2" ind2="4">
    <subfield code="a">APTITUD DE MANDO</subfield>
    <subfield code="9">40180</subfield>
  </datafield>
  <datafield tag="650" ind1="2" ind2="4">
    <subfield code="a">APTITUD CREADORA</subfield>
    <subfield code="9">15560</subfield>
  </datafield>
  <datafield tag="650" ind1="2" ind2="4">
    <subfield code="a">PEQUE&#xD1;AS Y MEDIANAS EMPRESAS</subfield>
    <subfield code="x">ADMINISTRACI&#xD3;N</subfield>
    <subfield code="9">3168</subfield>
  </datafield>
  <datafield tag="700" ind1="1" ind2=" ">
    <subfield code="a">Ocampo Carapia, Luis Artuto</subfield>
    <subfield code="e">coautor</subfield>
    <subfield code="9">42675</subfield>
  </datafield>
  <datafield tag="700" ind1="1" ind2=" ">
    <subfield code="a">Guill&#xE9;n Valencia, &#xC1;ngel David</subfield>
    <subfield code="e">coordinador</subfield>
    <subfield code="9">42676</subfield>
  </datafield>
  <datafield tag="700" ind1="1" ind2=" ">
    <subfield code="a">Tussie Contreras, Natalia</subfield>
    <subfield code="e">coordinador</subfield>
    <subfield code="9">42677</subfield>
  </datafield>
  <datafield tag="700" ind1="1" ind2=" ">
    <subfield code="a">L&#xF3;pez Aguilar, Daniel</subfield>
    <subfield code="e">coordinador</subfield>
    <subfield code="9">42678</subfield>
  </datafield>
  <datafield tag="942" ind1=" " ind2=" ">
    <subfield code="2">lcc</subfield>
    <subfield code="c">LB</subfield>
  </datafield>
  <datafield tag="952" ind1=" " ind2=" ">
    <subfield code="0">0</subfield>
    <subfield code="1">0</subfield>
    <subfield code="2">lcc</subfield>
    <subfield code="4">0</subfield>
    <subfield code="7">0</subfield>
    <subfield code="a">13</subfield>
    <subfield code="b">13</subfield>
    <subfield code="d">2016-06-21</subfield>
    <subfield code="l">0</subfield>
    <subfield code="o">HD62.5 A38 2014</subfield>
    <subfield code="p">13 004017</subfield>
    <subfield code="r">2016-06-21</subfield>
    <subfield code="t">1</subfield>
    <subfield code="w">2016-06-21</subfield>
    <subfield code="y">LB</subfield>
  </datafield>
  <datafield tag="952" ind1=" " ind2=" ">
    <subfield code="0">0</subfield>
    <subfield code="1">0</subfield>
    <subfield code="2">lcc</subfield>
    <subfield code="4">0</subfield>
    <subfield code="7">0</subfield>
    <subfield code="a">13</subfield>
    <subfield code="b">13</subfield>
    <subfield code="d">2016-07-02</subfield>
    <subfield code="l">1</subfield>
    <subfield code="o">HD62.5 A38 2014</subfield>
    <subfield code="p">13 004060</subfield>
    <subfield code="r">2018-11-16</subfield>
    <subfield code="s">2018-11-16</subfield>
    <subfield code="t">2</subfield>
    <subfield code="w">2016-07-02</subfield>
    <subfield code="y">LB</subfield>
  </datafield>
  <datafield tag="999" ind1=" " ind2=" ">
    <subfield code="c">100177</subfield>
    <subfield code="d">100177</subfield>
  </datafield>
</record>
